=LDR 00000nam 2200000 4500 =001 INLIS000000000061396 =005 20250110013301 =035 ##$$a 0010-1022000137 =007 ta =008 250110################g##########0#ind## =020 ##$$a 978-979-27-5006-5 =082 ##$$a 028.5 =084 ##$$a 028.5 SET a =100 #$$a Setyawan, koen. =245 1#$$a Animal survival : $b Bekantan /$c Koen setyawan =260 ##$$a Jakarta :$b Elex media koputindo,$c 2009 =300 ##$$a 32 hlm : $b Ilus ; $c 19 x 22,5 Cm =600 #4$$a Bacaan anak-anak =990 ##$$a 21102004 =990 ##$$a 21102003